000 00554nam a22001817a 4500
003 UA-OsUOA
001 17339
007 ta
008 20040222b un ||||| |||| 00| 0 ukr d
100 _aСоляр А.
942 _cSA
040 _aUA-OsUOA
_cUA-OsUOA
_dUA-OsUOA
245 _aЯк рік минув
_b[За підсумками сіл. спорт. ігор Рівненщини]
300 _aС.7
955 _a0
773 0 _w0
_tВісті Рівненщини
_dРівне
_d2004
_g№1/1 січ./
650 7 _aКраєзнавча робота
_2UDC
999 _c303507
_d303507